Statistics for Eu4 Great Powers

Click here to take the quiz!

General Stats

  • This quiz has been taken 148 times
  • The average score is 7 of 8

Answer Stats

ContinentAnswer% Correct
EuropeFrance
100%
EuropeOttomans
98%
EuropeEngland
97%
AsiaMing
95%
EuropeCastile
93%
AfricaMamluks
92%
EuropeAragon
80%
AsiaTimurids
76%

Score Distribution

Percentile by Number Answered

Percent of People with Each Score

Your Score History

You have not taken this quiz